000 00368 a2200169 4500
001 175382
020 _a85-08-04223-X
040 _cMagnum
100 _aPaulino, Wilson Roberto
240 1 0 _aEducação ambiental
_lpor
245 1 0 _aEducação ambiental
300 _a103
362 0 _a1993
440 1 _aÁtica
697 _aEDUCAÇÃO AMBIENTAL
942 _cBK
999 _c175382
_d175382